[Event "Grand Rapids (MI Am/3/3)"]
[Site "?"]
[Date "1994.??.??"]
[Round "?"]
[White "Rydberg, S."]
[Black "Brown, Dan"]
[Result "0-1"]
[WhiteElo "1920"]
[BlackElo "1815"]
[PlyCount "76"]
[EventDate "1994.??.??"]

{3/(3)} 1. e4 c5 2. Nc3 Nc6 3. g3 Nf6 4. Bg2 e5 5. Nge2 Be7 6. O-O O-O 7. d3 h6
8. Be3 d6 9. f4 Bg4 10. Qd2 Kh7 11. f5 Bxe2 12. Qxe2 Nd4 13. Qd1 Rb8 14. Ne2
Ng4 15. Bd2 Bg5 16. Nxd4 Bxd2 17. Qxg4 cxd4 18. Kh1 Rc8 19. Rf2 Be3 20. Re2 Qb6
21. Rb1 Rc3 22. f6 g6 23. Qd7 Rc7 24. Qa4 a6 25. Bh3 Rd8 26. Qa3 d5 27. exd5
Rxd5 28. Qf8 Qxf6 29. Rf1 Qe7 30. Qxe7 Rxe7 31. Rf6 Rb5 32. c3 Rc5 33. c4 Kg7
34. Rb6 e4 35. dxe4 Rxe4 36. b3 d3 37. Rg2 Rh5 38. Bc8 Bxb6 0-1

[Event "Eastpointe (EDO/4/14)"]
[Site "?"]
[Date "1994.??.??"]
[Round "?"]
[White "Rutkofske, Lonnie"]
[Black "West, Tony"]
[Result "1-0"]
[WhiteElo "1980"]
[BlackElo "1605"]
[PlyCount "103"]
[EventDate "1994.??.??"]

{4/(14)} 1. c4 e5 2. Nc3 Bb4 3. Nd5 Ba5 4. e4 c6 5. Nc3 Nf6 6. Qc2 O-O 7. a3 d5
8. b4 d4 9. Nd1 Bc7 10. d3 a5 11. Ra2 axb4 12. axb4 Na6 13. Qb1 Be6 14. Bd2 Qd7
15. Nf3 Ne8 16. Ng5 Bd6 17. Nxe6 fxe6 18. Be2 Nec7 19. O-O Be7 20. Qb3 c5 21.
b5 Nb4 22. Rxa8 Rxa8 23. Nb2 Kf7 24. f4 exf4 25. Rxf4+ Kg8 26. Rf1 Rf8 27.
Rxf8+ Kxf8 28. e5 Ne8 29. Bg4 Kf7 30. Qd1 g6 31. Qf3+ Kg7 32. Qh3 Nc7 33. Na4
h5 34. Nb6 Qd8 35. Be2 Nxb5 36. Qxe6 Nc3 37. Bf1 Nc6 38. Nd5 Nxd5 39. cxd5 Nb8
40. d6 Bf8 41. Qd5 b6 42. Be2 Nd7 43. Bd1 b5 44. e6 Nf6 45. Qb7+ Kg8 46. e7
Bxe7 47. dxe7 Qe8 48. Bb3+ Kg7 49. Bf4 Nd7 50. Bd6 b4 51. Ba4 Qf7 52. Qxd7 1-0

[Event "Eastpointe (EDO/1a/5)"]
[Site "?"]
[Date "1994.??.??"]
[Round "?"]
[White "Rutkofske, Lonnie"]
[Black "Walters, G."]
[Result "1-0"]
[WhiteElo "1980"]
[BlackElo "1675"]
[PlyCount "79"]
[EventDate "1994.??.??"]

1. c4 c5 2. Nc3 Nf6 3. g3 g6 4. Bg2 Bg7 5. e4 Nc6 6. Nge2 d6 7. h3 Nd4 8. d3
O-O 9. Nxd4 cxd4 10. Ne2 Qb6 11. O-O Bd7 12. Qd2 Bc6 13. b4 a6 14. a4 e5 15.
Kh2 Ne8 16. Qb2 f5 17. a5 Qd8 18. b5 Bd7 19. Bd2 Nc7 20. b6 Ne6 21. exf5 Nc5
22. fxg6 hxg6 23. Nc1 Bf5 24. Ra3 Kf7 25. f4 e4 26. g4 Bd7 27. Bxe4 Nxe4 28.
dxe4 Rh8 29. Rg3 Qh4 30. Qb3 Bxg4 31. c5+ Be6 32. Qf3 Raf8 33. f5 gxf5 34. exf5
Kg8 35. Qxb7 Rh7 36. Rfg1 Qf6 37. fxe6 Qf2+ 38. R1g2 Qxg2+ 39. Kxg2 Kh8 40. e7
1-0

[Event "Detroit (MI Op/2/33)"]
[Site "?"]
[Date "1994.??.??"]
[Round "?"]
[White "Rutkofske, Lonnie"]
[Black "Key_Smith, G."]
[Result "0-1"]
[WhiteElo "2000"]
[BlackElo "1805"]
[PlyCount "74"]
[EventDate "1994.??.??"]

{2/(33)} 1. c4 Nf6 2. Nc3 g6 3. e4 d6 4. d3 Bg7 5. g3 O-O 6. Bg2 Nc6 7. Nge2 e5
8. O-O Bd7 9. h3 Ne8 10. f4 exf4 11. gxf4 f5 12. Kh2 Nf6 13. Ng3 Qc8 14. Nd5
Nxd5 15. exd5 Nd4 16. Bd2 c5 17. Rb1 a5 18. Bc3 b5 19. Qd2 Qa6 20. b3 b4 21.
Bxd4 Bxd4 22. Ne2 Bg7 23. h4 Rae8 24. Rf3 Re7 25. Re3 Rfe8 26. Rxe7 Rxe7 27.
Bf3 Be8 28. Re1 Bf7 29. Qc1 a4 30. Rd1 axb3 31. axb3 Qa2 32. Qb1 Rxe2+ 33. Bxe2
Qxe2+ 34. Kh1 Qf3+ 35. Kh2 Qxf4+ 36. Kg2 Qg4+ 37. Kf1 Qf3+ 0-1

[Event "Eastpointe (US Am N/5/2)"]
[Site "?"]
[Date "1994.??.??"]
[Round "?"]
[White "Rutkofske, Lonnie"]
[Black "Everett, Morgan"]
[Result "0-1"]
[WhiteElo "1980"]
[BlackElo "2160"]
[PlyCount "74"]
[EventDate "1994.??.??"]

{5/(2)} 1. c4 e5 2. Nc3 Nc6 3. g3 Nf6 4. Bg2 Bb4 5. Nd5 Bc5 6. a3 a5 7. d3 O-O
8. e3 Re8 9. Ne2 d6 10. O-O Nxd5 11. cxd5 Ne7 12. Nc3 Ng6 13. Bd2 f5 14. Na4
Rf8 15. Nxc5 dxc5 16. Qc2 f4 17. exf4 exf4 18. Be4 Bh3 19. Rfc1 fxg3 20. hxg3
b6 21. f4 Qd6 22. Kh2 Bg4 23. Rf1 Ne7 24. Qb3 Qh6+ 25. Kg1 Kh8 26. Rf2 Bf5 27.
Rh2 Qg6 28. Bxf5 Rxf5 29. Kf2 Nxd5 30. Rah1 Nf6 31. Kg2 Rd5 32. Rxh7+ Qxh7 33.
Rxh7+ Kxh7 34. g4 Rad8 35. g5 Rxd3 36. Bc3 Nd5 37. Qc4 Ne3+ 0-1

[Event "Eastpointe (US Am N/1b/7)"]
[Site "?"]
[Date "1994.??.??"]
[Round "?"]
[White "Rutkofske, Lonnie"]
[Black "Boyle, John"]
[Result "1-0"]
[WhiteElo "1980"]
[BlackElo "1605"]
[PlyCount "103"]
[EventDate "1994.??.??"]

1. g3 c5 2. c4 d6 3. Bg2 Nf6 4. Nc3 g6 5. d3 Bg7 6. e4 O-O 7. Nge2 Nc6 8. O-O
Be6 9. h3 Qd7 10. Kh2 Rab8 11. f4 Nd4 12. Nxd4 cxd4 13. Nb5 a6 14. Nxd4 b5 15.
f5 Bxc4 16. dxc4 bxc4 17. Qc2 Rfc8 18. Rd1 Qa7 19. e5 dxe5 20. Nc6 Rxc6 21.
Bxc6 Rc8 22. fxg6 fxg6 23. Bg2 Nh5 24. Rf1 Qd4 25. Qe4 Qb6 26. Qb7 Rb8 27. Qxb6
Rxb6 28. Bd5+ e6 29. Bxc4 e4 30. Rb1 Be5 31. Bf4 Nxf4 32. gxf4 Rxb2+ 33. Rxb2
Bxb2 34. Bxe6+ Kg7 35. Rb1 Bd4 36. Rb4 Bc5 37. Rxe4 h6 38. Ra4 Bd6 39. Kg2 g5
40. f5 Bf4 41. Rxa6 h5 42. Bc4 g4 43. hxg4 hxg4 44. Rg6+ Kf8 45. Rxg4 Be5 46.
Kf3 Bg7 47. Ke4 Bf6 48. Kd5 Bg7 49. Ke6 Bd4 50. f6 Bc3 51. Kd7 Bxf6 52. Rg8#
1-0

[Event "Grand Rapids (MI Am/1/30)"]
[Site "?"]
[Date "1994.??.??"]
[Round "?"]
[White "Russell, J."]
[Black "Walquist, Elaine"]
[Result "0-1"]
[WhiteElo "1605"]
[BlackElo "1605"]
[PlyCount "80"]
[EventDate "1994.??.??"]

{1/(30)} 1. c4 Nf6 2. Nc3 c5 3. Nf3 Nc6 4. g3 d6 5. Bg2 Bd7 6. d3 a6 7. e4 Qc7
8. Be3 e5 9. O-O Bg4 10. Qd2 Nd4 11. Nxd4 cxd4 12. Bxd4 exd4 13. Nd5 Nxd5 14.
cxd5 Be7 15. Rac1 Qd8 16. Rc4 Bf6 17. Rfc1 O-O 18. Qb4 Be2 19. Bf1 Bxf1 20.
Kxf1 Qd7 21. Rc7 Qb5 22. Qc4 Qxb2 23. Rc8 Raxc8 24. Qxc8 g5 25. Qc4 g4 26. Qc2
Qxc2 27. Rxc2 Rb8 28. a3 a5 29. Rc7 Kf8 30. Rd7 Be7 31. Rc7 Ke8 32. Rc4 Bf6 33.
a4 Kd7 34. Rc2 Rc8 35. Rb2 Rc1+ 36. Ke2 Kc7 37. f3 Rh1 38. Rc2+ Kb8 39. Rc4
Rxh2+ 40. Kf1 gxf3 0-1

[Event "Grand Rapids (MI Am/3/36)"]
[Site "?"]
[Date "1994.??.??"]
[Round "?"]
[White "Russell, J."]
[Black "Mahabir, Jagdesh"]
[Result "0-1"]
[WhiteElo "1605"]
[BlackElo "1605"]
[PlyCount "56"]
[EventDate "1994.??.??"]

{3/(36)} 1. c4 d6 2. Nc3 c5 3. Nf3 Nf6 4. g3 Nc6 5. Bg2 g6 6. O-O Bg7 7. d3 Bg4
8. e3 Qd7 9. d4 cxd4 10. exd4 Bh3 11. Ng5 Bg4 12. Qd3 h6 13. Nf3 Nb4 14. Qe2 d5
15. c5 Nc6 16. Nb5 a6 17. Nc3 Nxd4 18. Qd3 Bxf3 19. Qxd4 Bxg2 20. Kxg2 e6 21.
Re1 O-O 22. Bd2 Ne4 23. Qd3 Rad8 24. Rad1 Nxc5 25. Qc2 d4 26. Nb1 Qd5+ 27. Kf1
d3 28. Qc3 Qh1# 0-1

[Event "Grand Rapids (MI Am/5/34)"]
[Site "?"]
[Date "1994.??.??"]
[Round "?"]
[White "Russell, J."]
[Black "Carpenter, S."]
[Result "0-1"]
[WhiteElo "1605"]
[BlackElo "1605"]
[PlyCount "64"]
[EventDate "1994.??.??"]

{5/(34)} 1. d4 d5 2. c4 dxc4 3. e4 e6 4. Nc3 Nc6 5. Nf3 Nf6 6. Bxc4 Bd6 7. O-O
O-O 8. e5 Bxe5 9. dxe5 Nd7 10. Re1 Ndxe5 11. Nxe5 Nxe5 12. Rxe5 b5 13. Bxb5 Rb8
14. Rd5 exd5 15. Be3 Bd7 16. Qxd5 Bxb5 17. Bxa7 Qxd5 18. Nxd5 Rb7 19. Be3 Rd8
20. Rd1 Kh8 21. Re1 Rxd5 22. Bf4 Be2 23. g3 g5 24. Bc1 Rd1 25. Rxd1 Bxd1 26. b3
f6 27. h3 Bf3 28. Bb2 Kg7 29. Bc3 c5 30. h4 g4 31. Kf1 Rd7 32. Ke1 Rd1# 0-1

[Event "Eastpointe (MI Action/6/26)"]
[Site "?"]
[Date "1994.??.??"]
[Round "?"]
[White "Russeau, M."]
[Black "Strimpel, D."]
[Result "0-1"]
[WhiteElo "1605"]
[BlackElo "1605"]
[PlyCount "56"]
[EventDate "1994.??.??"]

{6/(26)} 1. e4 e5 2. c4 c5 3. Nf3 Nc6 4. Nc3 Nf6 5. Bd3 d6 6. h4 h5 7. Rh3 a5
8. Rg3 Nb4 9. Qe2 Rh6 10. Nb5 b6 11. a4 Ba6 12. Nc3 Bxc4 13. Bxc4 Nc2+ 14. Kd1
Nxa1 15. Rg5 Ng4 16. Bxf7+ Kxf7 17. Rf5+ Rf6 18. b3 Nxb3 19. Ba3 Rxf5 20. exf5
d5 21. Nxe5+ Nxe5 22. Qxe5 Bd6 23. Qxd5+ Ke8 24. Nb5 Ke7 25. Qxb3 Rc8 26. Na7
Bf4 27. Nxc8+ Ke8 28. Nxb6 Qxd2# 0-1

[Event "Eastpointe (MI Action/4/24)"]
[Site "?"]
[Date "1994.??.??"]
[Round "?"]
[White "Russeau, M."]
[Black "Hayes, B."]
[Result "0-1"]
[WhiteElo "1605"]
[BlackElo "1605"]
[PlyCount "96"]
[EventDate "1994.??.??"]

{4/(24)} 1. e4 e5 2. Nf3 d6 3. Bc4 Nc6 4. d3 Nf6 5. Nc3 Be6 6. O-O Be7 7. Bg5
Bxc4 8. dxc4 g6 9. a4 Nd4 10. Ra3 Nxf3+ 11. gxf3 b6 12. Bh6 Qd7 13. Bg7 Rg8 14.
Bxf6 Bxf6 15. Re1 g5 16. Rb3 g4 17. fxg4 Rxg4+ 18. Kf1 O-O-O 19. Re3 Rdg8 20.
a5 Rg1+ 21. Ke2 Rxd1 22. Kxd1 Rg1+ 23. Re1 Qg4+ 24. Kd2 Rxe1 25. Kxe1 Qg1+ 26.
Ke2 Qxh2 27. axb6 axb6 28. Na4 Qh5+ 29. Kd3 c5 30. Nxb6+ Kc7 31. Na8+ Kd7 32.
Ra3 Qh3+ 33. Kd2 Qh6+ 34. Kc3 Qc1 35. Ra7+ Ke6 36. Nc7+ Kd7 37. Na8+ Kc6 38.
Nc7 Kb6 39. Ra8 Kxc7 40. Ra7+ Kb8 41. Ra6 h5 42. Rb6+ Kc7 43. Rb5 h4 44. Ra5 h3
45. Ra7+ Kb8 46. Rxf7 h2 47. Rxf6 h1=Q 48. Rxd6 Qh3+ 0-1

[Event "Eastpointe (MI Action/2/20)"]
[Site "?"]
[Date "1994.??.??"]
[Round "?"]
[White "Russeau, M."]
[Black "Gramlich, Allen"]
[Result "0-1"]
[WhiteElo "1605"]
[BlackElo "1605"]
[PlyCount "33"]
[EventDate "1994.??.??"]

{2/(20)} 1. e4 d5 2. f3 Nf6 3. Nh3 dxe4 4. Bc4 exf3 5. gxf3 Bxh3 6. d4 e6 7.
Rg1 Nh5 8. Bd2 Qh4+ 9. Rg3 Nxg3 10. hxg3 Qxg3+ 11. Ke2 Nc6 12. d5 Nd4+ 13. Kd3
Qe5 14. a4 O-O-O 15. f4 Bf5+ 16. Kc3 Qf6 17. Ra3 0-1

[Event "Detroit (MCO/B/3a/3)"]
[Site "?"]
[Date "1994.??.??"]
[Round "?"]
[White "Ruhlmann, Max"]
[Black "McCarter, Robert"]
[Result "0-1"]
[WhiteElo "1750"]
[BlackElo "1725"]
[PlyCount "26"]
[EventDate "1994.??.??"]

1. e4 c5 2. Nc3 d6 3. g3 Nc6 4. Bg2 a6 5. f4 e6 6. Nf3 Nge7 7. O-O g6 8. d4
cxd4 9. Nxd4 Qb6 10. Be3 Qxb2 11. Nxc6 Nxc6 12. Na4 Qa3 13. Nb6 Qxe3+ 0-1

[Event "Detroit (MOR/4/42)"]
[Site "?"]
[Date "1994.??.??"]
[Round "?"]
[White "Ruhlmann, Max"]
[Black "Domke, G."]
[Result "1-0"]
[WhiteElo "1755"]
[BlackElo "1605"]
[PlyCount "47"]
[EventDate "1994.??.??"]

{4/(42)} 1. e4 e5 2. Nc3 Nf6 3. f4 Nc6 4. Bb5 d6 5. Nf3 Bg4 6. O-O exf4 7. d4
d5 8. e5 Nh5 9. Ne2 a6 10. Ba4 b5 11. Bb3 Be7 12. Nxf4 Nxf4 13. Bxf4 O-O 14. h3
Be6 15. c3 h6 16. Bc2 f6 17. Bxh6 gxh6 18. Nh4 Rf7 19. Qh5 Rg7 20. Nf5 Rg5 21.
Qxh6 Qf8 22. Qh4 Kf7 23. Nxe7 Qxe7 24. Rxf6+ 1-0

[Event "Warren (Warmup"]
[Site "?"]
[Date "1994.??.??"]
[Round "?"]
[White "Ruhlmann, Max"]
[Black "Chehayeb, Sal"]
[Result "0-1"]
[WhiteElo "1755"]
[BlackElo "2025"]
[PlyCount "24"]
[EventDate "1994.??.??"]

1. c4 Nf6 2. g3 g6 3. Bg2 Bg7 4. e4 d6 5. f4 Nc6 6. Nf3 Nxe4 7. d4 O-O 8. d5
Nb8 9. O-O c6 10. Re1 f5 11. Nbd2 Qb6+ 12. Kh1 Nf2+ 0-1

[Event "Detroit (MOR/2/41)"]
[Site "?"]
[Date "1994.??.??"]
[Round "?"]
[White "Ruhlmann, Max"]
[Black "Aldrich, Justin"]
[Result "1-0"]
[WhiteElo "1755"]
[BlackElo "1605"]
[PlyCount "107"]
[EventDate "1994.??.??"]

{2/(41)} 1. e4 e5 2. Nc3 Bb4 3. Nd5 Bc5 4. f4 exf4 5. d4 Qh4+ 6. g3 fxg3 7.
Nxc7+ Kd8 8. Bg5+ Qxg5 9. Nf3 Qf4 10. Nxa8 Bxd4 11. Qe2 Bf2+ 12. Kd1 b6 13.
hxg3 Bxg3 14. Bg2 Ba6 15. c4 Qd6+ 16. Kc2 Nc6 17. Rad1 Nb4+ 18. Kb1 Qc6 19. Qd2
Qxe4+ 20. Ka1 Nc2+ 21. Kb1 Ne3+ 22. Ka1 Nxd1 23. Rxd1 Nf6 24. Ng5 Qe7 25. Bh3
Bc8 26. c5 bxc5 27. Qa5+ Ke8 28. Nc7+ Kf8 29. Nb5 a6 30. Nc3 h6 31. Nf3 g6 32.
Nd5 Nxd5 33. Rxd5 Kg7 34. Rxc5 Qe2 35. Qc3+ f6 36. a3 Re8 37. Rxc8 Rxc8 38.
Qxc8 Be5 39. Qxd7+ Kf8 40. Nxe5 Qxe5 41. Be6 Qxe6 42. Qxe6 Kg7 43. Qxa6 g5 44.
b4 g4 45. b5 g3 46. Qb7+ Kg6 47. Qg2 f5 48. Qxg3+ Kf6 49. b6 h5 50. b7 h4 51.
Qxh4+ Ke5 52. b8=Q+ Kd5 53. Qb5+ Kd6 54. Qh6+ 1-0

[Event "Detroit (CAO/4/9)"]
[Site "?"]
[Date "1994.??.??"]
[Round "?"]
[White "Ruelas, Erik"]
[Black "Zuniga, Jesus"]
[Result "1/2-1/2"]
[WhiteElo "1605"]
[BlackElo "1605"]
[PlyCount "61"]
[EventDate "1994.??.??"]

{4/(9)} 1. e4 e6 2. d4 d5 3. Nc3 Nf6 4. f3 c5 5. Bg5 Be7 6. dxc5 O-O 7. exd5
Nxd5 8. Bxe7 Nxe7 9. Nb5 Nd5 10. c4 Bd7 11. cxd5 Bxb5 12. Bxb5 Qa5+ 13. Qd2
Qxb5 14. Rc1 exd5 15. Ne2 Re8 16. Rc2 Nc6 17. O-O Rad8 18. Nd4 Qb4 19. Nxc6
Qxd2 20. Rxd2 bxc6 21. Kf2 h6 22. Re1 g5 23. Rde2 Kf8 24. Kg3 f5 25. f4 Rxe2
26. Rxe2 Re8 27. Rxe8+ Kxe8 28. fxg5 hxg5 29. h4 gxh4+ 30. Kxh4 Kf7 31. a3
1/2-1/2

[Event "Detroit (WCO/3/13)"]
[Site "?"]
[Date "1994.??.??"]
[Round "?"]
[White "Ruelas, Erik"]
[Black "Joyce, K."]
[Result "1-0"]
[WhiteElo "1605"]
[BlackElo "1605"]
[PlyCount "69"]
[EventDate "1994.??.??"]

{3/(13)} 1. e4 d5 2. exd5 Qxd5 3. Nc3 Qe5+ 4. Be2 Bg4 5. f3 Be6 6. d4 Qa5 7.
Bd2 Nc6 8. Bb5 Bd7 9. Nge2 O-O-O 10. a4 Nf6 11. Nd5 Qxd2+ 12. Qxd2 Nxd5 13. c4
Nf6 14. d5 Ne5 15. f4 Neg4 16. Bxd7+ Nxd7 17. b4 Ndf6 18. O-O Ne4 19. Qd3 f5
20. Nc3 Nxc3 21. Qxc3 Re8 22. Rfe1 e5 23. dxe6 Bd6 24. e7 Bxf4 25. h3 Ne5 26.
Rxe5 Bxe5 27. Qxe5 b6 28. Rd1 a5 29. bxa5 bxa5 30. Qxf5+ Kb7 31. Qb5+ Ka7 32.
Qxa5+ Kb7 33. Rd7 Ra8 34. Qxc7+ Ka6 35. Qc6+ 1-0

[Event "Detroit (MCO/DEU/5/10)"]
[Site "?"]
[Date "1994.??.??"]
[Round "?"]
[White "Rucker, Ed"]
[Black "Woods, O."]
[Result "1-0"]
[WhiteElo "1605"]
[BlackElo "1605"]
[PlyCount "97"]
[EventDate "1994.??.??"]

{5/(10)} 1. d4 e6 2. e4 d5 3. Nc3 c5 4. e5 Qb6 5. Nf3 Nc6 6. Bb5 Bd7 7. Be3 a6
8. Bxc6 Bxc6 9. Rb1 f6 10. O-O fxe5 11. Nxe5 Bd6 12. Qh5+ Ke7 13. Qf7+ Kd8 14.
Bg5+ Nf6 15. Qxg7 Rf8 16. Bxf6+ Kc8 17. Be7 Bxe7 18. Qxe7 Re8 19. Qf7 cxd4 20.
Ne2 Qc5 21. Nxc6 Qxc6 22. Nxd4 Qd7 23. Qxd7+ Kxd7 24. Rfe1 Rac8 25. c3 e5 26.
Nf5 Ke6 27. Ng7+ Kf6 28. Nxe8+ Rxe8 29. Rbd1 Rd8 30. Rd2 d4 31. cxd4 exd4 32.
Red1 Ke5 33. g3 Ke4 34. Re1+ Kd5 35. f3 Kc4 36. Re4 b5 37. f4 a5 38. f5 b4 39.
b3+ Kc5 40. f6 Rd7 41. Rdxd4 Rxd4 42. Rxd4 Kxd4 43. f7 Kc3 44. f8=Q Kb2 45.
Qf2+ Ka3 46. g4 a4 47. Qc2 h5 48. gxh5 axb3 49. Qxb3# 1-0

[Event "Detroit (MOR/5/67)"]
[Site "?"]
[Date "1994.??.??"]
[Round "?"]
[White "Rucker, Ed"]
[Black "Radway, J."]
[Result "1-0"]
[WhiteElo "1605"]
[BlackElo "1605"]
[PlyCount "59"]
[EventDate "1994.??.??"]

{5/(67)} 1. d4 d5 2. Nf3 Nf6 3. Nc3 Nc6 4. Bg5 Bg4 5. e3 e6 6. Bb5 Bb4 7. O-O
Qe7 8. h3 h6 9. Bf4 Bf5 10. Ne5 O-O-O 11. Nxc6 Qf8 12. Nxd8 Qxd8 13. Bd3 g5 14.
Be5 Qe7 15. Bxf5 exf5 16. Qf3 f4 17. Nxd5 g4 18. Nxe7+ Bxe7 19. hxg4 Ne8 20.
Bxh8 fxe3 21. fxe3 b6 22. Qxf7 Bg5 23. Qxe8+ Kb7 24. Rf3 a5 25. Bf6 a4 26. Bxg5
a3 27. bxa3 b5 28. Qxb5+ Ka8 29. Rb1 Ka7 30. Qb7# 1-0

[Event "Detroit (MCO/DEU/2a/4)"]
[Site "?"]
[Date "1994.??.??"]
[Round "?"]
[White "Rucker, Ed"]
[Black "Hudy, M."]
[Result "0-1"]
[WhiteElo "1605"]
[BlackElo "1605"]
[PlyCount "110"]
[EventDate "1994.??.??"]

1. Nf3 c5 2. Nc3 Nf6 3. e4 d6 4. Bc4 g6 5. b3 Bg7 6. d3 O-O 7. Bb2 Nc6 8. Rb1
Bg4 9. O-O Nd4 10. h3 Nxf3+ 11. gxf3 Bxh3 12. Re1 e6 13. d4 Nd5 14. Ne2 Qg5+
15. Ng3 h5 16. Bc1 Nf4 17. Kh2 h4 18. Bxf4 Qxf4 19. Kxh3 hxg3 20. fxg3 Qh6+ 21.
Kg2 Bxd4 22. Rh1 Qe3 23. Qe1 Kg7 24. Qxe3 Bxe3 25. Rh3 Rh8 26. Rbh1 Rxh3 27.
Rxh3 Rh8 28. Rxh8 Kxh8 29. Bb5 Bd4 30. a4 a6 31. Bd3 d5 32. g4 dxe4 33. Bxe4 b5
34. a5 Bc3 35. Bb7 Bxa5 36. Bxa6 b4 37. Kg3 Bc7+ 38. Kh4 Bf4 39. g5 Kg7 40. Kg4
e5 41. Bd3 f6 42. gxf6+ Kxf6 43. Be4 Kg7 44. Kh3 Kh6 45. Kg2 Kh5 46. Kf2 g5 47.
Bf5 Kh4 48. Ke2 Kg3 49. Be4 Bc1 50. Kd3 Kf4 51. Kc4 Be3 52. Kd5 Bd4 53. Kc4 g4
54. Kd3 g3 55. Ke2 g2 0-1

[Event "Detroit (MCO/DEU/6/6)"]
[Site "?"]
[Date "1994.??.??"]
[Round "?"]
[White "Rucker, Ed"]
[Black "Anderson, N."]
[Result "0-1"]
[WhiteElo "1605"]
[BlackElo "1605"]
[PlyCount "124"]
[EventDate "1994.??.??"]

{6/(6)} 1. d4 f5 2. Nf3 Nf6 3. Nc3 e6 4. Bg5 Be7 5. e3 O-O 6. Bc4 c6 7. a4 Qa5
8. Bxf6 Rxf6 9. O-O d5 10. Be2 Nd7 11. Na2 Qc7 12. Nc1 Rh6 13. Nd3 Bf6 14. Nc5
Nf8 15. h3 e5 16. dxe5 Bxe5 17. Nxe5 Qxe5 18. Qd4 Qxd4 19. exd4 Ne6 20. Nxe6
Bxe6 21. f4 Re8 22. Rae1 Bf7 23. Bd3 Rxe1 24. Rxe1 Re6 25. Re5 g6 26. g3 Kf8
27. c4 Rxe5 28. dxe5 dxc4 29. Bc2 Ke7 30. Kf2 Kd7 31. Ke3 c5 32. Bd1 Be6 33.
Kd2 a6 34. Kc3 b5 35. b4 Kc6 36. Bf3+ Bd5 37. Bd1 Be4 38. a5 cxb4+ 39. Kxb4 Kd5
40. Kc3 Kc5 41. Kd2 Bd5 42. g4 b4 43. Ke3 b3 44. gxf5 gxf5 45. Kd2 Kb4 46. Kc1
Kxa5 47. Kb2 Kb4 48. Kc1 a5 49. Kd2 a4 50. Ke3 a3 51. Kd4 Be6 52. Bf3 a2 53.
Ke3 a1=Q 54. Kf2 b2 55. Kg3 b1=Q 56. Kh4 c3 57. Kg5 Qg1+ 58. Bg4 fxg4 59. Kf6
gxh3 60. Kxe6 Qg6+ 61. Kd5 Qa2+ 62. Kd4 Qd2# 0-1

[Event "Jackson (Prison m/Oct)"]
[Site "?"]
[Date "1994.??.??"]
[Round "?"]
[White "Rothstein, H."]
[Black "Simpson, R."]
[Result "0-1"]
[WhiteElo "1605"]
[BlackElo "1605"]
[PlyCount "44"]
[EventDate "1994.??.??"]

1. e4 e5 2. Nf3 Qf6 3. Bc4 Bc5 4. O-O d6 5. Nc3 Ne7 6. d3 h6 7. Nb5 Na6 8. d4
Bb6 9. dxe5 dxe5 10. b3 Bg4 11. Bb2 Bxf3 12. gxf3 O-O 13. Kh1 Rad8 14. Qe2 c6
15. Nc3 Nc7 16. Na4 Bd4 17. Bxd4 Rxd4 18. c3 Rd6 19. Nc5 g5 20. Bd3 Ng6 21. c4
Nf4 22. Qe3 a6 {[Remainder illegilbe; 0-1, 39?]} 0-1

[Event "Detroit (MOR/7/9)"]
[Site "?"]
[Date "1994.??.??"]
[Round "?"]
[White "Rotberg, Victor"]
[Black "Stockton, T."]
[Result "1-0"]
[WhiteElo "1605"]
[BlackElo "1760"]
[PlyCount "62"]
[EventDate "1994.??.??"]

{7/(9)} 1. e4 e5 2. Nf3 Nc6 3. Bb5 a6 4. Ba4 Nf6 5. O-O Be7 6. Re1 b5 7. Bb3
O-O 8. c3 d5 9. exd5 Nxd5 10. Nxe5 Nxe5 11. Rxe5 Nf6 12. d4 Bd6 13. Re1 Ng4 14.
g3 Nxh2 15. Qh5 Ng4 16. Bg5 Nf6 17. Qh4 Bb7 18. Nd2 h6 19. Bxf6 Qxf6 20. Qxf6
gxf6 21. Nf1 Rae8 22. Ne3 c5 23. Nf5 Bc7 24. dxc5 Be5 25. Nxh6+ Kg7 26. Nf5+
Kg6 27. Bc2 Kg5 28. f4+ Bxf4 29. gxf4+ Kxf4 30. Rxe8 Rxe8 31. Rf1+ Kg5 1-0

[Event "Detroit (MOR/5/7)"]
[Site "?"]
[Date "1994.??.??"]
[Round "?"]
[White "Rotberg, Victor"]
[Black "Saulmon, Scott"]
[Result "0-1"]
[WhiteElo "1605"]
[BlackElo "1770"]
[PlyCount "110"]
[EventDate "1994.??.??"]

{5/(7)} 1. e4 e6 2. d4 d5 3. Nc3 Nf6 4. Bg5 Be7 5. e5 Nfd7 6. Bxe7 Qxe7 7. f4
c5 8. Nf3 a6 9. Be2 Nc6 10. O-O cxd4 11. Nxd4 Qc5 12. Kh1 Nxd4 13. Bd3 Nf5 14.
Bxf5 exf5 15. Nxd5 O-O 16. Rf3 Nb6 17. Ne3 f6 18. Rh3 g6 19. exf6 Rxf6 20. Qd8+
Qf8 21. Qc7 Qf7 22. Qd8+ Kg7 23. Rd1 Bd7 24. Qc7 Bc6 25. Qe5 Re8 26. Qc3 Kg8
27. Rg3 Nd5 28. Nxd5 Bxd5 29. h4 Bc6 30. Rgd3 Rfe6 31. Rg3 Qf6 32. Qxf6 Rxf6
33. Kg1 Rfe6 34. h5 Re1+ 35. Rxe1 Rxe1+ 36. Kf2 Re6 37. c4 Kf7 38. hxg6+ Rxg6
39. Rxg6 hxg6 40. g3 Ke6 41. Ke3 Be4 42. Kd4 Kd6 43. b4 b6 44. c5+ bxc5+ 45.
bxc5+ Ke6 46. a3 Bc6 47. Kc4 a5 48. Kd4 Bb5 49. c6 Bxc6 50. Kc5 Kd7 51. Kd4 Kd6
52. Kc4 Bd7 53. Kd4 Bb5 54. Ke3 Kc5 55. Kd2 Kd4 0-1

[Event "Detroit (MOR/3/23)"]
[Site "?"]
[Date "1994.??.??"]
[Round "?"]
[White "Rotberg, Victor"]
[Black "Ruhlmann, Max"]
[Result "1-0"]
[WhiteElo "1605"]
[BlackElo "1755"]
[PlyCount "103"]
[EventDate "1994.??.??"]

{3/(23)} 1. e4 c5 2. Nf3 d6 3. d4 cxd4 4. Nxd4 Nf6 5. Nc3 a6 6. Be2 e5 7. Nb3
Be7 8. O-O b5 9. a3 Bb7 10. f3 Nbd7 11. Bg5 O-O 12. Kh1 Rc8 13. Qd2 Nb6 14.
Rad1 Nc4 15. Bxc4 Rxc4 16. Bxf6 gxf6 17. Qe3 Bc8 18. Rd2 f5 19. g3 Kh8 20. Nc1
b4 21. axb4 Rxb4 22. b3 Qc7 23. Nd5 Qb7 24. Nxb4 Qxb4 25. Nd3 Qc3 26. Rdf2 d5
27. exd5 Bb7 28. Qxe5+ Qxe5 29. Nxe5 Bxd5 30. Rd1 Be6 31. Re2 f4 32. gxf4 Rc8
33. Nxf7+ Bxf7 34. Rxe7 Bh5 35. Rd3 Bg6 36. Rd2 Bxc2 37. b4 Ba4 38. Rg2 Rc1+
39. Rg1 Rc4 40. Re4 Rc3 41. Kg2 Bc6 42. Re6 Bxf3+ 43. Kf2 Bh5 44. Rg3 Rc4 45.
Ke3 Rxb4 46. Rxa6 Rb8 47. f5 Re8+ 48. Kf4 Rf8 49. Rh6 Bd1 50. f6 Ba4 51. Rg7
Bc2 52. Ke5 1-0

[Event "Detroit (MOR/1b/30)"]
[Site "?"]
[Date "1994.??.??"]
[Round "?"]
[White "Rotberg, Victor"]
[Black "McNeil, Yaking"]
[Result "1-0"]
[WhiteElo "1605"]
[BlackElo "1605"]
[PlyCount "85"]
[EventDate "1994.??.??"]

1. e4 c5 2. Nf3 d6 3. d4 cxd4 4. Nxd4 Nf6 5. Nc3 g6 6. Bc4 Bg7 7. Be3 Nc6 8.
Qd2 O-O 9. O-O Nxe4 10. Nxe4 d5 11. Nxc6 bxc6 12. Bd3 dxe4 13. Bxe4 Qxd2 14.
Bxd2 Rb8 15. Rab1 Rxb2 16. Rxb2 Bxb2 17. Bxc6 Be6 18. a4 Rc8 19. Be4 f5 20. Bd3
Bc4 21. Rb1 Bxd3 22. cxd3 Bc3 23. Rc1 Kf7 24. Rxc3 Rxc3 25. Bxc3 Ke6 26. Kf1
Kd5 27. Ke2 e5 28. Ke3 e4 29. dxe4+ fxe4 30. f3 exf3 31. Kxf3 Kc4 32. Be1 Kd5
33. Kf4 a6 34. h4 Ke6 35. g4 Kf6 36. a5 h6 37. Bc3+ Kf7 38. h5 gxh5 39. gxh5
Kg8 40. Kf5 Kh7 41. Kf6 Kg8 42. Kg6 Kf8 43. Kxh6 1-0

[Event "Flint (MI Senior/2/5)"]
[Site "?"]
[Date "1994.??.??"]
[Round "?"]
[White "Rostrom, Richard"]
[Black "Waltz, Glenn"]
[Result "1-0"]
[WhiteElo "1605"]
[BlackElo "1605"]
[PlyCount "51"]
[EventDate "1994.??.??"]

{2/(5)} 1. c4 Nf6 2. Nc3 e6 3. g3 Bb4 4. Bg2 O-O 5. Nf3 Nc6 6. O-O d5 7. cxd5
exd5 8. d4 Bxc3 9. bxc3 Ne4 10. Qc2 Re8 11. c4 dxc4 12. Qxc4 Be6 13. Qd3 Bd5
14. a3 Na5 15. Be3 Bc4 16. Qc2 Qd5 17. Ne5 Rxe5 18. dxe5 Qxe5 19. Qxe4 Qxe4 20.
Bxe4 Bxe2 21. Rfe1 Bh5 22. Rac1 c6 23. Rc5 f5 24. Rxa5 g6 25. Bc2 a6 26. Re5
1-0